| 000 | 00626nam a2200205Ia 4500 | ||
|---|---|---|---|
| 005 | 20250508162410.0 | ||
| 008 | 008 250505s9999 xx 000 0 eng d | ||
| 020 | _a0-15-554621-X | ||
| 037 | _aTextual | ||
| 040 |
_aFEDL _beng _cFEDL |
||
| 041 |
_aeng _2eng |
||
| 084 |
_a371.2, FIT _qFEDL |
||
| 100 |
_aFitzgibbons Robert E _9612894 |
||
| 245 | 0 | _aMaking educational decisions : An introduction to philosophy of education | |
| 260 |
_aNew York, USA _bHarcourt Brace Jovanovich _c1981 |
||
| 300 | _axi,261p. | ||
| 650 | _aSchool Administration | ||
| 942 |
_cTEXL _h371.2, FIT |
||
| 999 |
_c1376303 _d1376303 |
||